[Event "Budapest FS11 GM"]
[Site "Budapest"]
[Date "1993.??.??"]
[Round "9"]
[White "Wells, Peter K"]
[Black "Vadasz, Laszlo"]
[Result "0-1"]
[WhiteElo "2455"]
[BlackElo "2400"]

1.e4 g6 2.d4 Bg7 3.Nc3 d6 4.Be3 c6 5.Qd2 b5 6.Nf3 Nd7 7.Bd3 Bb7 8.h3 a6 9.a4 Qc7
10.O-O Ngf6 11.axb5 axb5 12.Rxa8+ Bxa8 13.e5 dxe5 14.dxe5 Nxe5 15.Nxe5 Qxe5
16.f4 Qb8 17.Bc5 O-O 18.Qf2 b4 19.Na2 Nd5 20.Bc4 Qb7 21.f5 Bxb2 22.Nxb4 Bf6
23.Nd3 Qc8 24.Qg3 Bb7 25.fxg6 hxg6 26.Rxf6 exf6 27.Bxf8 Qxf8 28.Bxd5 cxd5
29.Qc7 Qc8 30.Qd6 Qxc2 31.Nc5 d4 32.Qb8+ Kg7 33.Nxb7 d3 34.Nd6 Qc1+ 35.Kh2 Qf4+
36.Kg1 Qe3+ 37.Kh2 Qe5+  0-1

[Event "Budapest FS05 GM"]
[Site "Budapest"]
[Date "1993.??.??"]
[Round "10"]
[White "Godena, Michele"]
[Black "Davies, Nigel R"]
[Result "0-1"]
[WhiteElo "2485"]
[BlackElo "2470"]

1.e4 g6 2.d4 Bg7 3.Nc3 d6 4.Nge2 Nc6 5.Be3 Nf6 6.h3 e5 7.dxe5 Nxe5 8.Ng3 O-O
9.Qd2 Re8 10.O-O-O b5 11.Bxb5 Bd7 12.Be2 Qb8 13.f4 Nc6 14.Bf3 Qb4 15.a3 Qb7
16.e5 Rab8 17.b3 dxe5 18.fxe5 Rxe5 19.Nge4 Qa6 20.a4 Na5 21.Nxf6+ Qxf6 22.Bd4 Qd6
23.Nb1 Rxb3 24.Bxe5 Qb6  0-1

[Event "Budapest FS08 GM"]
[Site "Budapest"]
[Date "1993.??.??"]
[Round "10"]
[White "Fogarasi, Tibor"]
[Black "Szalanczy, Emil"]
[Result "1/2-1/2"]
[WhiteElo "2440"]
[BlackElo "2360"]

1.e4 g6 2.d4 Bg7 3.Nc3 d6 4.Be3 a6 5.Qd2 Nd7 6.f3 b5 7.h4 Rb8 8.h5 Nb6 9.g4 e6
10.b3 Bd7 11.Rd1 Qe7 12.Nge2 c6 13.Ng3 d5 14.Nb1 Bc8 15.a3 Bb7 16.Rh3 Rc8
17.Qh2 g5 18.h6 Bf8 19.e5 Nd7 20.Rh5 f6 21.exf6 Ngxf6 22.Rxg5 Qd6 23.Rd2 Qc7
24.Re2 Kf7 25.f4 Re8 26.Nd2 Rg8 27.Rxg8 Kxg8 28.Qh4 Kh8 29.g5 Ng8 30.f5 Bd6
31.Bf2 Nf8 32.Qh5 Rc8 33.Qh3 Bxa3 34.fxe6 Ng6 35.Nh5 Rf8 36.Bg3 Qe7 37.Qg4 Bc8
38.Nf4 Bd6 39.Nxg6+ hxg6 40.Bh3 Kh7 41.Nf3 Rf5 42.Bxd6 Qxd6 43.Nh4 Ne7 44.Nxf5 Nxf5
45.Kd1 Bxe6 46.Re5 Ne3+ 47.Rxe3 Bxg4+ 48.Bxg4 Qf4 49.Re7+ Kh8 50.Re8+ Kh7
51.Re7+ Kh8  1/2-1/2

[Event "Budapest FS07 GM"]
[Site "Budapest"]
[Date "1993.??.??"]
[Round "11"]
[White "Fogarasi, Tibor"]
[Black "Vadasz, Laszlo"]
[Result "1/2-1/2"]
[WhiteElo "2440"]
[BlackElo "2400"]

1.e4 g6 2.d4 Bg7 3.Nc3 d6 4.Be3 c6 5.Qd2 b5 6.O-O-O Nd7 7.h4 h5 8.Nh3 Nb6
9.f3 Bxh3 10.Rxh3 Rb8 11.b3 a5 12.Kb1 Nf6 13.Rh1 a4  1/2-1/2

[Event "Wch U20 Girls"]
[Site "Buenos Aires"]
[Date "1993.??.??"]
[Round "?"]
[White "Ambats, Jessica"]
[Black "Larrachea, Enrique"]
[Result "1-0"]
[WhiteElo "2090"]
[BlackElo "2275"]

1.e4 d6 2.d4 g6 3.Nc3 Bg7 4.Nf3 c6 5.a4 Qc7 6.Be2 e5 7.O-O Nf6 8.Re1 O-O
9.Bf1 Nbd7 10.a5 a6 11.dxe5 Nxe5 12.Nxe5 dxe5 13.Be3 c5 14.f3 Be6 15.Qe2 Rfd8
16.Qf2 Rac8 17.Reb1 Rd6 18.Qe1 Nd7 19.Rd1 Rd8 20.Rxd6 Qxd6 21.Rd1 Qc7 22.Nd5 Bxd5
23.Rxd5 Bf6 24.Qc3 Rc8 25.Qd2 Rd8 26.Qc3 b5 27.axb6 Qxb6 28.Kh1 a5 29.Qd2 Qc7
30.Bb5 Nb6 31.Rxd8+ Bxd8 32.Qxa5 Nd5 33.Qxc7 Nxc7 34.Bc4 Be7 35.Kg1 Na8 36.Kf2 Kf8
37.Ke2 Nb6 38.Bb5 Nc8 39.Kd3 Nd6 40.Ba6 Ne8 41.Kc4 Nc7 42.Bc8  1-0

[Event "Wch U20 Girls"]
[Site "Buenos Aires"]
[Date "1993.??.??"]
[Round "?"]
[White "Calzetta, Monica"]
[Black "Larrachea, Enrique"]
[Result "1-0"]
[WhiteElo "2030"]
[BlackElo "2275"]

1.e4 d6 2.d4 g6 3.Nc3 Bg7 4.Bc4 e6 5.Nf3 Nf6 6.Qe2 O-O 7.Bg5 h6 8.Bh4 Qe8
9.O-O-O a6 10.e5 Nh5 11.Qe3 f5 12.exf6 Nxf6 13.Rhe1 d5 14.Bd3 g5 15.Bg3 Nc6
16.Bxc7 Qe7 17.Bg3 Bd7 18.h4 g4 19.Ne5 Nxe5 20.Bxe5 Nh5 21.f3 Bxe5 22.Qxe5 Nf4
23.Nxd5 Nxd3+ 24.Rxd3 Qxh4 25.Nb6 Rad8 26.Nxd7 Rxd7 27.Qxe6+ Rdf7 28.Qxg4+ Qxg4
29.fxg4 Rf4 30.d5 Rd8 31.d6 Rd7 32.Re7 Rf7 33.Rxd7 Rxd7 34.c4 Kf7 35.c5 Ke6
36.Re3+ Kf6 37.b4 Rg7 38.Re4 Rg5 39.Kc2 a5 40.a3 axb4 41.axb4 Rg7 42.Kd3  1-0

[Event "Buenos Aires Najdorf op"]
[Site "Buenos Aires"]
[Date "1993.??.??"]
[Round "3"]
[White "Cativelli, Gerardo"]
[Black "Ibar, Marcelo"]
[Result "0-1"]
[WhiteElo "2235"]
[BlackElo "2300"]

1.e4 g6 2.d4 Bg7 3.Nc3 d6 4.h4 Nf6 5.Be2 h5 6.Nf3 c6 7.a4 a5 8.Bf4 Qb6 9.Nd2 Ng4
10.f3 Qxb2 11.Nb3 Qxc3+ 12.Bd2 Ne3 13.Bxc3 Nxd1 14.Kxd1 c5 15.Kd2 b6 16.dxc5 Bxc3+
17.Kxc3 bxc5 18.e5 O-O 19.exd6 exd6 20.Rhd1 Ba6 21.Bb5 Rd8 22.Nxa5 d5 23.Nb3 d4+
24.Kb2 Bxb5 25.axb5 Nd7 26.c3 Rab8 27.c4 Ne5 28.Rac1 Rdc8 29.f4 Ng4 30.Na5 Ne3
31.Rd2 Ra8 32.Nc6 Kg7 33.Kb3 Nf5 34.Ra2 Nxh4 35.g3 Nf5 36.Rca1 Rxa2 37.Rxa2 Nxg3
38.Ne7 Rc7 39.Nc6 h4 40.Ra7 Rxa7 41.Nxa7 h3 42.b6 h2 43.b7 h1=Q 44.b8=Q Qb1+  0-1

[Event "Caceres op"]
[Site "Caceres"]
[Date "1993.??.??"]
[Round "7"]
[White "Garcia, Mar"]
[Black "Fernandez, Ciro A"]
[Result "0-1"]
[WhiteElo "2315"]
[BlackElo "2290"]

1.e4 g6 2.d4 Bg7 3.Nc3 d6 4.f4 Nc6 5.Be3 e5 6.Bb5 Bd7 7.Nf3 exd4 8.Nxd4 Nge7
9.Qd2 O-O 10.O-O-O a6 11.Be2 b5 12.h4 Na5 13.h5 b4 14.Nd5 Nxd5 15.exd5 Qe7
16.Rde1 Rfe8 17.Bd3 Qf6 18.c3 Nb7 19.f5 Nc5 20.Bc2 bxc3 21.bxc3 Ne4 22.Bxe4 Rxe4
23.Bg5 Qe5 24.f6 Bxf6 25.Rxe4 Bxg5 26.Rxe5 Bxd2+ 27.Kxd2 dxe5 28.Nb3 Bb5
29.Rh4 Rd8 30.c4 Bd7 31.Nc5 Bc8 32.Kc3 g5 33.Rh1 f5 34.Rb1 g4 35.Rb8 Rf8
36.Nd3 f4 37.Nxe5 f3 38.Rb1 f2  0-1

[Event "Calcutta op"]
[Site "Calcutta"]
[Date "1993.??.??"]
[Round "1"]
[White "Singh, Pritam"]
[Black "Norwood, David"]
[Result "0-1"]
[WhiteElo "2305"]
[BlackElo "2525"]

1.e4 g6 2.d4 d6 3.Nc3 Bg7 4.Nf3 c6 5.Be2 Nf6 6.O-O O-O 7.a4 Nbd7 8.Re1 e5
9.a5 Qe7 10.dxe5 dxe5 11.Bc4 Rb8 12.Be3 b5 13.axb6 axb6 14.Nd2 b5 15.Bb3 Nc5
16.Bxc5 Qxc5 17.Nf1 Nd7 18.Ne2 Qb6 19.Nc1 Nc5 20.Qf3 Kh8 21.Qe3 f5 22.Nd2 fxe4
23.Nxe4 Nxe4 24.Qxb6 Rxb6 25.Rxe4 c5 26.c3 c4 27.Bd1 Rd6 28.Ne2 Rfd8  0-1

[Event "Calcutta op"]
[Site "Calcutta"]
[Date "1993.??.??"]
[Round "8"]
[White "Singh, Pritam"]
[Black "Koshy, Varugeese"]
[Result "1-0"]
[WhiteElo "2305"]
[BlackElo "2420"]

1.e4 g6 2.d4 Bg7 3.Nc3 d6 4.Nf3 c6 5.Be2 Nd7 6.O-O Qc7 7.a4 Ngf6 8.h3 O-O
9.Be3 e5 10.dxe5 dxe5 11.Bc4 Nh5 12.Ne2 Nb6 13.Bb3 Be6 14.Bxe6 fxe6 15.Qd3 Nf4
16.Bxf4 exf4 17.a5 Nd7 18.Qb3 Rae8 19.Rfd1 Re7 20.Ned4 Rfe8 21.c3 h6 22.Qc4 a6
23.Rd2 Kh7 24.Nb3 Nf8 25.Nc5 Rd8 26.Rxd8 Qxd8 27.Qb4 Qc7 28.Rd1 g5 29.Qb6 Qxb6
30.axb6 Kg8 31.Rd8 Kf7 32.Nd2 Re8 33.Rxe8 Kxe8 34.Nxb7 Nd7 35.Nc4 Bf8 36.Nba5 Nb8
37.Ne5 Kd8 38.Nexc6+ Nxc6 39.Nxc6+ Kc8 40.Na5 Bc5 41.Nc4 Kb7 42.Kf1 Kc6 43.Ke2 Kb5
44.b4 Bxb6 45.Nxb6  1-0

[Event "Capablanca mem-A"]
[Site "?"]
[Date "1993.??.??"]
[Round "3"]
[White "Zarnicki, Pablo"]
[Black "Nogueiras, Jesus"]
[Result "1/2-1/2"]
[WhiteElo "2470"]
[BlackElo "2570"]

1.e4 d6 2.d4 g6 3.Nc3 Bg7 4.f4 Nc6 5.Be3 Nf6 6.Nf3 O-O 7.e5 dxe5 8.dxe5 Ng4
9.Bd2 f6 10.Bc4+ Kh8 11.h3 Nh6 12.exf6 exf6 13.O-O Nf5 14.Kh2 Nd6 15.Bd5 Ne7
16.Be3 Nxd5 17.Qxd5 Re8 18.Bf2  1/2-1/2

[Event "Capablanca mem-A"]
[Site "?"]
[Date "1993.??.??"]
[Round "7"]
[White "Zapata, Alonso"]
[Black "Nogueiras, Jesus"]
[Result "0-1"]
[WhiteElo "2580"]
[BlackElo "2570"]

1.e4 d6 2.d4 g6 3.Nc3 Bg7 4.Be3 a6 5.a4 Nf6 6.Qd2 Nc6 7.h3 O-O 8.Nf3 e6 9.Be2 b6
10.O-O Bb7 11.Bh6 d5 12.exd5 exd5 13.Bd3 Bxh6 14.Qxh6 Qd6 15.Ne2 Rfe8 16.c3 Rad8
17.Ng3 Bc8 18.Rfe1 Qf8 19.Qg5 Qg7 20.Qf4 Rxe1+ 21.Rxe1 Ne8 22.Qg5 Kf8 23.b4 f6
24.Qf4 Nd6 25.Qd2 Re8 26.Rxe8+ Nxe8 27.Ne2 Nd6 28.Nf4 Qf7 29.Qa2 Ne7 30.a5 g5
31.Ne2 b5 32.Ng3 h6 33.Qc2 Kg7 34.Nd2 h5 35.Nb3 h4 36.Nf1 Ng6 37.Bxg6 Qxg6
38.Qxg6+ Kxg6 39.f3 c6 40.Kf2 Kf5 41.Nc5 Kg6 42.Ne3 Nf5 43.Nxf5 Kxf5 44.Ke3 Kg6
45.f4 Kf5 46.Kf3 gxf4 47.Nd3 Kg5 48.Nxf4 Bf5 49.g3 Be4+ 50.Kf2 Bf5 51.Kg2 Be4+
52.Kh2 Kf5 53.Ne2 Bd3 54.Nc1 Bc2 55.gxh4 Kf4 56.h5 Ke3 57.h6 Kd2 58.Nb3+ Kxc3
59.Nc5 Kxb4 60.Kg3 Kxa5 61.Kf4 Kb4 62.Ke3 Kc3  0-1

[Event "Capablanca mem-C"]
[Site "?"]
[Date "1993.??.??"]
[Round "4"]
[White "Sariego, Wilfredo"]
[Black "Arribas, Maritza"]
[Result "1-0"]
[WhiteElo "2405"]
[BlackElo "2200"]

1.e4 g6 2.d4 Bg7 3.Nc3 d6 4.Be3 a6 5.Qd2 b5 6.a4 b4 7.Nd1 a5 8.Bd3 Nd7 9.Ne2 c5
10.c3 Ngf6 11.O-O O-O 12.h3 Bb7 13.Ng3 Rc8 14.Bh6 Qb6 15.Bxg7 Kxg7 16.Ne3 cxd4
17.cxd4 e6 18.Bb5 Rfd8 19.Nc4 Qc7 20.Rac1 d5 21.Ne5 Qd6 22.Qh6+ Kg8 23.Qf4 Qe7
24.Qh4 Qf8 25.Rxc8 Bxc8 26.Nc6 Re8 27.e5 Ne4 28.Nxe4 dxe4 29.Nxa5 Rd8 30.Nc6 Re8
31.Na7  1-0

[Event "Capablanca mem-C"]
[Site "?"]
[Date "1993.??.??"]
[Round "6"]
[White "Sariego, Wilfredo"]
[Black "Martin del Campo, Roberto"]
[Result "1/2-1/2"]
[WhiteElo "2405"]
[BlackElo "2410"]

1.e4 g6 2.d4 Bg7 3.Nc3 d6 4.Be3 Nd7 5.Qd2 e5 6.O-O-O Ngf6 7.f3 c6 8.Nge2 Qa5
9.Kb1 b5 10.dxe5 dxe5 11.Nd5 Qxd2 12.Nxf6+ Bxf6 13.Rxd2 Be7 14.Nc1 Bc5  1/2-1/2

[Event "Capablanca mem-D"]
[Site "?"]
[Date "1993.??.??"]
[Round "4"]
[White "Hernandez, Tania"]
[Black "Garmendez, Florentino"]
[Result "0-1"]
[WhiteElo "2215"]
[BlackElo "2310"]

1.e4 g6 2.d4 Bg7 3.Nc3 d6 4.Nf3 c6 5.a4 Nf6 6.h3 O-O 7.Be2 e5 8.O-O exd4
9.Nxd4 Re8 10.Bf3 Nbd7 11.Bf4 Ne5 12.Re1 a5 13.b3 Nfd7 14.Be2 Nc5 15.Bf1 Ne6
16.Be3 Qf6 17.Nce2 Nc5 18.Ng3 Ned7 19.Qf3 Qh4 20.Rad1 Ne5 21.Qf4 Qe7 22.Bc1 Ne6
23.Nxe6 fxe6 24.Ba3 c5 25.Qd2 Nf7 26.Bc4 b6 27.f4 Kh8 28.Kh2 Ba6 29.Bxa6 Rxa6
30.c4 Ra7 31.Bb2 e5 32.f5 Nh6 33.fxg6 Qh4 34.Nf5 Nxf5 35.exf5 Bh6 36.Qxd6 Bf4+
37.Kg1 Qg3 38.Bxe5+ Bxe5 39.Rxe5 Qxe5 40.Qxb6 Rae7 41.f6 Qc7 42.Qa6 Re1+
43.Rxe1 Rxe1+ 44.Kf2 Re8  0-1

[Event "Capablanca mem-D"]
[Site "?"]
[Date "1993.??.??"]
[Round "13"]
[White "Chaves, Jo"]
[Black "Espinosa, Julio"]
[Result "0-1"]
[WhiteElo "2030"]
[BlackElo "2375"]

1.e4 g6 2.d4 Bg7 3.Nc3 d6 4.Be3 c6 5.Qd2 Nd7 6.O-O-O b5 7.Kb1 Nb6 8.h4 Nf6
9.Bh6 Bxh6 10.Qxh6 b4 11.Nce2 Nxe4 12.Nh3 Bxh3 13.Qf4 Bf5 14.g4 Nd5 15.Qf3 Nec3+
16.bxc3 Qb6 17.Kc1 bxc3 18.Nxc3 Bxg4 19.Nxd5 Bxf3 20.Nxb6 axb6 21.Rh3 Bxd1
22.Kxd1 d5 23.Rb3 b5 24.a3 Kd7 25.Kc1 Ra4 26.Rf3 f5 27.Rd3 e5 28.c3 e4 29.Rg3 Rxa3
30.Kb2 Rha8 31.h5 Ra2+ 32.Kb3 Rxf2 33.hxg6 Raa2 34.Kb4 Kd6 35.c4 Ra4+ 36.Kb3 dxc4+
37.Bxc4 hxg6 38.Rxg6+ Kc7 39.Be6 Rxd4 40.Rf6 c5  0-1

[Event "Cappelle op"]
[Site "Cappelle la Grande"]
[Date "1993.??.??"]
[Round "6"]
[White "Safyanovsky, Mark"]
[Black "Crouch, Colin S"]
[Result "0-1"]
[WhiteElo "2295"]
[BlackElo "2415"]

1.d4 g6 2.e4 Bg7 3.Nc3 d6 4.Nf3 Nf6 5.Be2 O-O 6.O-O Bg4 7.Be3 Nc6 8.h3 Bxf3
9.Bxf3 e5 10.dxe5 dxe5 11.Qxd8 Rfxd8 12.Nd5 Nxd5 13.exd5 Na5 14.Rad1 Nc4
15.Bc1 Nd6 16.a4 Nf5 17.c3 Bh6 18.Bxh6 Nxh6 19.Rfe1 f6 20.a5 Rab8 21.g3 Nf7
22.Bg2 h5 23.h4 f5 24.Bf1 Kg7 25.b4 Kf6 26.Bc4 e4 27.Kg2 Ne5 28.Be2 Ng4 29.Rd4 Ke5
30.Red1 Nf6 31.Bc4 b6 32.axb6 axb6 33.Re1 Ra8 34.f3 Kd6 35.fxe4 Nxe4 36.Bd3 Ra2+
37.Kg1 Nxc3 38.Re6+ Kd7 39.Rxg6 Re8 40.Bxf5+ Kd8 41.Rf4 Ne2+ 42.Kf1 Nxf4
43.gxf4 Rf8 44.Rg5 Rb2 45.Rxh5 Rxb4 46.Ke2 Rxf4 47.Be6 c6 48.Ke3 cxd5 49.Bxd5 Rb4
50.Rh7 Rf5 51.Bc6 Rc5 52.Bb7 Rc3+ 53.Kd2 Rh3 54.h5 Rb2+ 55.Kc1 Rbh2 56.Rh8+ Kc7
57.Be4 Rxh5 58.Rxh5 Rxh5 59.Kb2 Rh3 60.Bf5 Rg3 61.Be4 Kd6 62.Bb1 Kc5  0-1

[Event "Cattolica"]
[Site "Cattolica"]
[Date "1993.??.??"]
[Round "1"]
[White "Szalanczy, Emil"]
[Black "Laketic, Gojko"]
[Result "1-0"]
[WhiteElo "2360"]
[BlackElo "2410"]

1.e4 d6 2.d4 g6 3.Nc3 Bg7 4.Be3 c6 5.Qd2 Nd7 6.Nf3 Ngf6 7.Bh6 O-O 8.O-O-O Qa5
9.Bd3 e5 10.Kb1 Nh5 11.g4 exd4 12.Bxg7 Nxg7 13.Nxd4 Ne5 14.h3 Ne6 15.Be2 f6
16.f4 Nf7 17.Bc4 Nc7 18.Nb3 Qb4 19.Qd4 b5 20.Bxf7+  1-0

[Event "Cattolica"]
[Site "Cattolica"]
[Date "1993.??.??"]
[Round "5"]
[White "Dobos, Jozsef"]
[Black "Dizdarevic, Emir"]
[Result "0-1"]
[WhiteElo "2350"]
[BlackElo "2540"]

1.e4 g6 2.d4 Bg7 3.Nc3 d6 4.Be3 c6 5.Qd2 Qa5 6.h3 Nf6 7.Nf3 Nbd7 8.Bd3 O-O
9.O-O Qc7 10.a4 b6 11.Rfe1 e5 12.dxe5 dxe5 13.Bc4 Bb7 14.Rad1 Rad8 15.Qd6 Qc8
16.Qa3 a6 17.b4 b5 18.Bb3 Rde8 19.Nd2 Nh5 20.Ne2 Kh8 21.Qa2 Re7 22.g4 Nhf6
23.Ng3 c5 24.axb5 axb5 25.c3 c4 26.Bc2 Qc6 27.Ra1 Ne8 28.f3 Nc7 29.Qb2 Ne6
30.Ra7 Nb6 31.Qa2 Rd7 32.Kh2 Rfd8 33.Ndf1 Bf6 34.Qa1 Bg5 35.Bxg5 Nxg5 36.Kg2 Qf6
37.Nh2 Ne6 38.Ne2 Qh4 39.Nf1 Nc8 40.Ra5 Rd2  0-1

[Event "Ceske Budejovice op"]
[Site "Ceske Budejovice"]
[Date "1993.??.??"]
[Round "4"]
[White "Velicka, Petr"]
[Black "Dolezal, Radoslav Jr"]
[Result "1-0"]
[WhiteElo "2420"]
[BlackElo "2260"]

1.e4 g6 2.d4 Bg7 3.Nc3 d6 4.Nf3 Nf6 5.Bf4 O-O 6.Qd2 c6 7.O-O-O b5 8.Bd3 b4
9.Ne2 a5 10.Ng3 Re8 11.Bh6 Bh8 12.h4 Ba6 13.Bxa6 Nxa6 14.h5 Qc8 15.hxg6 fxg6
16.Ng5 Nc7 17.e5 dxe5 18.dxe5 Nfd5 19.Nxh7 Kxh7 20.Bf8+ Kg8 21.Rxh8+ Kf7
22.Rh7+ Ke6 23.Ne4 Kd7 24.Nf6+  1-0

[Event "JUG-chT"]
[Site "Cetinje"]
[Date "1993.??.??"]
[Round "?"]
[White "Miljanic, Boro"]
[Black "Strikovic, Aleksa"]
[Result "0-1"]
[WhiteElo "2370"]
[BlackElo "2465"]

1.e4 g6 2.d4 Bg7 3.Nc3 d6 4.Be3 c6 5.Qd2 Nd7 6.Bd3 b5 7.a4 b4 8.Nce2 a5 9.Nf3 Ngf6
10.Bh6 O-O 11.Ng3 e5 12.Bxg7 Kxg7 13.Qg5 exd4 14.Nf5+ Kg8 15.Nxd6 c5 16.O-O Ba6
17.Rfe1 b3 18.e5 bxc2 19.Bxc2 Ne8 20.Nxf7 Rxf7 21.e6 Rxf3 22.e7 Qb6 23.Qd5+ Rf7
24.Qxa8 Nf6 25.Be4 Kg7 26.Bf3 Nc7 27.Qd8 Nfe8 28.Rac1 c4 29.Bd5 d3 30.Bxf7 Kxf7
31.Rcd1 Qxb2 32.Qd7 Qf6 33.Qh3 h5 34.Re3 Bb7 35.Qd7 Bc6 36.Qc8 Qf5 37.Qd8 Qd5
38.Rf3+ Kg7  0-1

[Event "JUG-chT"]
[Site "Cetinje"]
[Date "1993.??.??"]
[Round "?"]
[White "Maric, Mirjana"]
[Black "Petrovic, Marija"]
[Result "1-0"]
[WhiteElo "2305"]
[BlackElo "2270"]

1.e4 g6 2.d4 Bg7 3.Nc3 d6 4.Be3 c6 5.Qd2 b5 6.f3 Bb7 7.g4 Nd7 8.Nge2 a6 9.Bg2 Qc7
10.O-O h5 11.g5 e6 12.d5 cxd5 13.exd5 e5 14.a4 b4 15.Ne4 a5 16.f4 Ne7 17.fxe5 Bxe5
18.Nd4 Bxd5 19.Nf6+ Nxf6 20.gxf6 Bxd4 21.Qxd4 Bxg2 22.fxe7 Qxe7 23.Kxg2 Qe5
24.Rae1 O-O 25.Qxe5 dxe5 26.Bc5 Rfe8 27.Bd6 e4 28.Bf4 Rac8 29.Rc1 Rc4 30.Be3 Rec8
31.Bb6 b3 32.c3 Rxa4 33.Ra1 Rcc4 34.Bxa5 e3 35.Rxa4 Rxa4 36.Bb4 Ra8 37.Re1 Ra6
38.Kf3 g5 39.Rxe3 Rf6+ 40.Kg2 Kh7 41.Rf3 Kg6 42.Rxf6+ Kxf6 43.Kf3 Ke5 44.Be7 g4+
45.Ke3 f6 46.Bd8 Kf5 47.c4 h4 48.c5 h3 49.Bc7 Ke6 50.Kd4 Kd7 51.Bf4 Kc6 52.Kc4  1-0

[Event "JUG-chT"]
[Site "Cetinje"]
[Date "1993.??.??"]
[Round "?"]
[White "Marjanovic, Slavoljub"]
[Black "Tseshkovsky, Vitaly"]
[Result "0-1"]
[WhiteElo "2445"]
[BlackElo "2495"]

1.e4 g6 2.d4 Bg7 3.Nc3 d6 4.f4 Nc6 5.Be3 Nf6 6.Nf3 O-O 7.e5 dxe5 8.dxe5 Qxd1+
9.Rxd1 Ng4 10.Bc5 b6 11.Bb5 bxc5 12.Bxc6 Rb8 13.b3 Ne3 14.Rd2 Bf5 15.Kf2 Rb6
16.Bd7 Ng4+ 17.Ke2 Rb4 18.g3 f6 19.a3 Rb6 20.Nd5 Bxd7 21.Nxb6 Bb5+ 22.c4 axb6
23.cxb5 fxe5 24.h3 Nf6 25.fxe5 Ne4 26.Rg1 Nxd2 27.Nxd2 Bxe5 28.Nc4 Bd6 29.g4 Rf4
30.Rf1 Re4+ 31.Kd3 Rd4+ 32.Ke3 Kg7 33.a4 h5 34.gxh5 gxh5 35.Ke2 Kg6 36.Rd1 Rxd1
37.Kxd1 Kf5 38.Ke2 Ke4 39.a5 bxa5 40.Nxa5 Kd4 41.Nc4 Kc3 42.b6 cxb6 43.Nxb6 Kxb3
44.Kd3 e5 45.h4 Bc7  0-1

[Event "JUG-chT"]
[Site "Cetinje"]
[Date "1993.??.??"]
[Round "?"]
[White "Rakic, Tomislav"]
[Black "Petronic, Jovan"]
[Result "0-1"]
[WhiteElo "2375"]
[BlackElo "2445"]

1.d4 d6 2.e4 g6 3.Nc3 Bg7 4.f4 Nf6 5.e5 Nfd7 6.Nf3 c5 7.exd6 O-O 8.dxe7 Qxe7+
9.Be2 cxd4 10.Nxd4 Nb6 11.Ncb5 Rd8 12.c3 a6 13.Na3 Nc6 14.Nac2 Bf5 15.Kf1 Bxc2
16.Qxc2 Nxd4 17.cxd4 Rac8 18.Qb3 Re8 19.Qd3 Rcd8 20.g3 Rxd4 21.Qf3 Nc4 22.Kf2 Nd2
23.Bxd2 Rxd2 24.Rhe1 Rxb2 25.Rab1 Qc5+  0-1

[Event "JUG-chT"]
[Site "Cetinje"]
[Date "1993.??.??"]
[Round "?"]
[White "Micic, Cedomir"]
[Black "Todorovic, Goran N"]
[Result "1-0"]
[WhiteElo "2315"]
[BlackElo "2405"]

1.e4 g6 2.d4 Bg7 3.Nc3 d6 4.Nf3 a6 5.h3 Nd7 6.Bc4 e6 7.Bg5 Ne7 8.Qd2 h6 9.Be3 b5
10.Bd3 c5 11.a4 c4 12.Be2 Rb8 13.axb5 axb5 14.O-O Qc7 15.b4 Nf6 16.Bf4 Rb6
17.e5 dxe5 18.Nxe5 Qd8 19.Ra5 Ba6 20.Rfa1 Qc8 21.Nxb5 Bxb5 22.Ra8 Rb8 23.Rxb8 Qxb8
24.Nxc4 e5 25.Bxe5  1-0

[Event "JUG-chT"]
[Site "Cetinje"]
[Date "1993.??.??"]
[Round "?"]
[White "Todorovic, Violeta"]
[Black "Petrovic, Marija"]
[Result "0-1"]
[WhiteElo "2050"]
[BlackElo "2270"]

1.e4 g6 2.d4 Bg7 3.Nc3 d6 4.Bg5 Nc6 5.Nge2 f6 6.Bh4 e5 7.f4 Bg4 8.dxe5 dxe5
9.h3 Qxd1+ 10.Rxd1 Be6 11.Nd5 O-O-O 12.fxe5 Nxe5 13.Nec3 c6 14.Ne3 Rxd1+
15.Nexd1 Nh6 16.Be2 f5 17.O-O Nc4 18.Bg5 Nd6 19.Bd3 Nhf7 20.Be2 Rd8 21.Be3 b6
22.exf5 Nxf5 23.Ba6+ Kd7 24.Bf4 Bd4+ 25.Kh2 b5 26.a4 b4 27.Ne4 Bd5 28.Ng5 Nxg5
29.Bxg5 Re8 30.c3 Be5+ 31.Bf4 Bxf4+ 32.Rxf4 Re1 33.Rf1 Rxf1 34.Bxf1 Bb3 35.Be2 Bxa4
36.cxb4 Bxd1 37.Bxd1 Kd6 38.Be2 Ke5 39.b5 c5 40.g4 Nd6 41.Kg3 g5 42.h4 h6
43.hxg5 hxg5 44.Kf2 Kd4 45.Ke1 Ke3 46.Bf1 Ne4 47.Be2 Nd2 48.Kd1 c4 49.Ke1 Nf3+
50.Kd1 Ne5 51.Bf1 Kd4 52.Be2 Ke3 53.Bf1 Kf4 54.Kd2 Kxg4 55.Kc3 Kf3 56.b3 cxb3
57.Kxb3 g4 58.Kb4 Kf2 59.b6 axb6 60.Ba6 g3  0-1

[Event "Copenhagen op2"]
[Site "Copenhagen"]
[Date "1993.??.??"]
[Round "3"]
[White "Aagaard, Jacob"]
[Black "Hoi, Carsten"]
[Result "0-1"]
[WhiteElo "2275"]
[BlackElo "2415"]

1.e4 g6 2.d4 Bg7 3.Nc3 d6 4.Be3 c6 5.Qd2 Nd7 6.Bd3 e5 7.Nge2 Ngf6 8.h3 O-O
9.O-O Qe7 10.Bh6 b5 11.Bxg7 Kxg7 12.a3 a6 13.f4 c5 14.fxe5 dxe5 15.dxc5 Nxc5
16.Rf3 Bb7 17.Ng3 Ne6 18.Raf1 Nf4 19.Nce2 Nxe2+ 20.Qxe2 Nd7 21.c4 Nc5 22.cxb5 Ne6
23.Rf6 Nf4 24.R6xf4 exf4 25.Rxf4 axb5 26.Bxb5 Qe5 27.Rf3 Rac8 28.Kh2 f5 29.Bd3 fxe4
30.Rxf8 Rxf8 31.Bxe4 Bxe4 32.Qxe4 Qxe4 33.Nxe4 Rb8 34.b4 Ra8 35.Ng5 Rxa3
36.Nf3 Rb3 37.Kg3 Rxb4 38.h4 Kf6 39.Ng1 Kf5  0-1

[Event "Sommerskak"]
[Site "Copenhagen"]
[Date "1993.??.??"]
[Round "4"]
[White "Sorensen, Jan"]
[Black "Berg, Klaus"]
[Result "0-1"]
[WhiteElo "2395"]
[BlackElo "2395"]

1.e4 g6 2.d4 Bg7 3.Nc3 d6 4.Be3 c6 5.Qd2 Nd7 6.h4 h5 7.f3 b5 8.Nh3 Nb6 9.Ng5 Nf6
10.Bd3 O-O 11.O-O-O Qc7 12.g4 b4 13.Nb1 c5 14.Qf2 c4 15.Be2 c3 16.b3 a5 17.d5 Nbd7
18.Bb5 Ba6 19.Ba4 Nc5 20.e5 Nxa4 21.exf6 exf6 22.Ne4 Nb2 23.gxh5 Nxd1 24.Rxd1 f5
25.h6 fxe4 26.hxg7 Kxg7 27.h5 exf3 28.Bd4+ f6 29.Rg1 Qe7 30.Qg3 Qe4 31.Nxc3 bxc3
32.Bxc3 Bc8 33.Re1 Qg4 34.Re7+ Kg8 35.Qxd6 f2 36.h6 Qg5+ 37.Bd2 f1=Q+ 38.Kb2 Ra7
39.Bxg5 Qd1 40.Rxa7 Qd4+ 41.Kb1 Qxa7 42.Bxf6 Bf5 43.Bc3 a4 44.Qe5 Kh7 45.Bd4 Qd7
46.Kb2 Kxh6 47.c4 g5 48.c5 Re8 49.Qf6+ Bg6 50.d6 Qb5 51.Qg7+ Kh5 52.d7 Re2+
53.Kc3 Rc2+  0-1

[Event "Copenhagen op2"]
[Site "Copenhagen"]
[Date "1993.??.??"]
[Round "7"]
[White "Bjerring, Kai"]
[Black "Hoi, Carsten"]
[Result "1/2-1/2"]
[WhiteElo "2350"]
[BlackElo "2415"]

1.e4 g6 2.d4 Bg7 3.Nc3 d6 4.f4 Nf6 5.Nf3 O-O 6.Bd3 Na6 7.O-O c5 8.d5 Bg4
9.Qe1 Bxf3 10.Rxf3 Nb4 11.a3 Nxd3 12.cxd3 e6 13.f5 exf5 14.exf5 Qb6 15.Ne4 c4+
16.Be3 Qxb2 17.Rb1 Qc2 18.fxg6 fxg6 19.Rxb7 Nxe4 20.dxe4 Rab8 21.Rxf8+ Rxf8
22.h3 Qd3 23.Bxa7 Bc3 24.Qb1 Qxb1+ 25.Rxb1 Bd2 26.Rb7 Ra8 27.Bd4 Rxa3 28.Rg7+ Kf8
29.Rxh7 Rd3 30.Bf6 Be3+ 31.Kf1 c3 32.Ke2 c2 33.Rc7 Bc5 34.Bg5 Rd1 35.e5 c1=Q
36.Bxc1 Rxc1 37.exd6 Ba3 38.Kd2 Rc5 39.Ke3 Rxd5 40.d7 Ke7 41.Ke4 Rxd7 42.Rxd7+ Kxd7
43.g4 Be7 44.Kf4 Ke6 45.g5 Bb4 46.h4 Be1  1/2-1/2

[Event "Copenhagen op15"]
[Site "Copenhagen"]
[Date "1993.??.??"]
[Round "10"]
[White "Furhoff, Johan"]
[Black "Berg, Klaus"]
[Result "0-1"]
[WhiteElo "2260"]
[BlackElo "2395"]

1.e4 g6 2.d4 Bg7 3.Nc3 d6 4.f4 Nc6 5.Be3 Nf6 6.Be2 O-O 7.Nf3 e6 8.O-O Ne7
9.h3 b6 10.Bf2 Bb7 11.Bd3 Rc8 12.f5 exf5 13.exf5 Qd7 14.fxg6 hxg6 15.Bh4 Nfd5
16.Nxd5 Bxd5 17.c3 Nf5 18.Bxf5 Qxf5 19.Qa4 Rfe8 20.Ng5 Qd3 21.Rae1 Re2 22.Rxe2 Qxe2
23.Rf2 Qe8 24.Qxa7 Bh6 25.Qa6 Ra8 26.Qf1 Qe3 27.Qe2 Bxg5  0-1

[Event "CUB-ch"]
[Site "?"]
[Date "1993.??.??"]
[Round "5"]
[White "Pelaez, Jorge L"]
[Black "Martinez, Boris"]
[Result "0-1"]
[WhiteElo "2240"]
[BlackElo "2285"]

1.d4 g6 2.e4 Bg7 3.Nc3 d6 4.f4 Nf6 5.Nf3 c5 6.Bb5+ Bd7 7.Bxd7+ Nfxd7 8.d5 O-O
9.O-O Na6 10.Qe2 Nc7 11.a4 a6 12.f5 gxf5 13.exf5 Nf6 14.Bg5 Nfxd5 15.Nxd5 Nxd5
16.Rad1 Nf6 17.Ne5 Qc7 18.Bxf6 Bxf6 19.Ng4 Bd4+ 20.Kh1 Rae8 21.Rf3 Kh8 22.Rh3 Rg8
23.Rdd3 Qd7 24.Nh6 Rg7 25.c3 Bf6 26.Rh5 Qxa4 27.Kg1 Qc6 28.Rg3 Rxg3 29.hxg3 Qd5
30.Ng4 Rg8 31.Nxf6 exf6 32.Rh4 Qxf5 33.Rf4 Qe5 34.Re4 Qxg3 35.Re7 Qg4 36.Qe3 Qxg2+  0-1

[Event "CUB-ch"]
[Site "?"]
[Date "1993.??.??"]
[Round "6"]
[White "Lugo, Blas"]
[Black "Martinez, Boris"]
[Result "1-0"]
[WhiteElo "2400"]
[BlackElo "2285"]

1.e4 d6 2.d4 g6 3.Nc3 Bg7 4.Be3 Nf6 5.f3 c6 6.Qd2 O-O 7.h4 h5 8.Bh6 e5 9.O-O-O Qa5
10.dxe5 dxe5 11.Bc4 b5 12.Bb3 Na6 13.Qg5 Nc5 14.Bxg7 Kxg7 15.Rd6 Be6 16.Bxe6 fxe6
17.a3 Rab8 18.Qd2 Rfc8 19.Nh3 Qb6 20.b4 Nb7 21.Rxe6 Re8 22.Rxe8 Rxe8 23.Rd1 a5
24.f4 axb4 25.fxe5 Rxe5 26.axb4 c5 27.Qf4 Re8 28.e5 Ng8 29.Rd7+ Re7 30.Nd5 Qe6
31.Rxe7+ Nxe7 32.Qf6+  1-0